01037 2200265 4500001002100000005001500021035002000036007000300056008004100059020001800100082001000118084001400128245015500142250002000297300003800317500022400355650002100579700002100600700003000621264003000651336002100681337003000702338002300732990001600755INLIS00000000000005520260416081605 a0010-0426000054ta260416 g 0 ind  a9789792932287 a006.7 a006.7 KRE aKreasi efek video dengan adobe after effects cs5.5 /ceditor, Westriningsih ; setting, Sri Sulistiyani ; desain cover, Bowo ; korektor, Thomas Pribadi acetakan pertama a214 halaman :bilustrasi ;c23 cm aBuku ini dirancang untuk membantu pengguna, baik pemula maupun tingkat lanjut, dalam menguasai teknik pembuatan efek visual dan animasi video yang profesional menggunakan perangkat lunak Adobe After Effects versi CS5.5. 4aProgram Komputer0 aBowoeIlustrator0 aWestriningsihePenyunting aYogyakarta :bANDI,c2012 2rdacontentateks 2rdamediaatanpa perantara 2rdacarrieravolume aPP000129/19